Magdalena and Balthasar : an intimate portrait of life in sixteenth-century Europe revealed in the letters of Nuremberg husband and wife
Αποθηκεύτηκε σε:
| Κύριος συγγραφέας: | |
|---|---|
| Άλλοι συγγραφείς: | , |
| Μορφή: | Βιβλίο |
| Γλώσσα: | English |
| Δημοσίευση: |
New Haven :
Yale University Press,
1989, c1986
|
| Θέματα: | |
| Ετικέτες: |
Προσθήκη ετικέτας
Δεν υπάρχουν, Καταχωρήστε ετικέτα πρώτοι!
|
MARC
| LEADER | 00000nam a2200000 i 4500 | ||
|---|---|---|---|
| 001 | 1/50940 | ||
| 008 | 070807s19891986 eng d | ||
| 020 | |a 0-300-04378-3 | ||
| 035 | |l 10089587 | ||
| 040 | |a GR-MY-UA |b gre |e aacr | ||
| 041 | 0 | |a eng | |
| 082 | 0 | |a 943.03 |2 (22) | |
| 100 | 1 | |a Paumgartner, Magdalena Balthasar |d 1555-1642. | |
| 245 | 1 | 0 | |a Magdalena and Balthasar : |b an intimate portrait of life in sixteenth-century Europe revealed in the letters of Nuremberg husband and wife / |c by Steven Ozment |
| 260 | |a New Haven : |b Yale University Press, |c 1989, c1986 | ||
| 300 | |a 190 σ.; |b εικ.; |c 24 εκ. | ||
| 600 | 1 | 0 | |a Paumgartner Magdalena Balthasar |d 1555-1642 |x Correspondence. |
| 600 | 1 | 0 | |a Paumgartner Balthasar |d 1551-1600 |x Correspondence. |
| 651 | 0 | |a Germany |x Social life and customs. | |
| 700 | 1 | |a Paumgartner, Balthasar |d 1551-1600. | |
| 700 | 1 | |a Ozment, Steven E. | |
| 852 | |a INST |b LESVOS |e 20070807 |h 943.03 PAU |p 005100041223 |q 005100041223 |t BK |y 0 | ||
| 901 | |a BIBL1-2007-2 | ||
| 909 | |a Λ |b 137420 | ||
| 922 | |a 1ΕΛΗ |b 200707 |c ΕΠΕΑΕΚ2/ΤΚΑ |d ΕΛΕΥΘΕΡΟΥΔΑΚΗΣ | ||
| 970 | |a ΚΑΡΑ |b ΓΙΑΣΕΜΗ |z 2007/08/07 | ||